1650 1684 1734 1279 1739 1734 1883 1522 1458 1918 1714 1035 1208 1109 1003 1686 1759 1345 1630 1737 1456 1749 1688 1418 1127 1203 1889 1194 1068 1132 1154 1726 1188 1405 1695 1187 1612 1490 1206 1445 1244 1175 1887 1229 1674 1027 1180 1741 1824 1186 1287 1669 1310 1198 1066 1851 1292 1443 1396 1134 1034 1898 1915 1583 1785 1255 1142 1972 1082 1970 1814 1460 1847 1285 1576 1313 1581 1826 1850 1233 1177 1707 1413 1773 1849 1645 1563 1769 1007 1654 1474 1194 1178 1550 1427 1663 1272 1925 1047 BCNSPRNW ULIB Ver.6.0+V

เปลี่ยนเป็นภาษาไทย

Change to English
 แสดงรายละเอียดบรรณานุกรม
  กลับหน้าหลัก

Brief Record : Get Marc (ISO 2709) : E-mail record : QR code < ปิดหน้าต่าง
LEADER : 00000nam 2200000uu 4500
001    13399122476
003     ULIB
008    130704s2555||||th 000 0 tha d
099    ^aวจ.WY18^bส875ก
100 0  ^aสุวรรณี สร้อยสงค์, อังคณา เรือนก้อน, รณภพ อึ้มทับ และ จุฑากานต์ กิ่งเนตร
245 00 ^aประสิทธิผลของกิจกรรมการเรียนรู้เชิงหรรษาต่อความวิตกกังวลในการสอบขึ้นทะเบียนประกอบวิชาชีพการพยาบาลและการผดุงครรภ์ ของนักศึกษาพยาบาลศาสตร์ วิทยาลัยพยาบาลบรมราชชนนี พุทธชินราช/^cสุวรรณี สร้อยสงค์, อังคณา เรือนก้อน, รณภพ อึ้มทับ และ จุฑากานต์ กิ่งเนตร
260    ^aพิษณุโลก:^bวิทยาลัยพยาบาลบรมราชชนนี พุทธชินราช,^c2552
650  0 ^aการสอบ^x
700 0  ^aอังคณา เรือนก้อน
700 0  รณภพ อึ้มทับ
700 0  จุฑากานต์ กิ่งเนตร
945    ^p0^l0^i033715
999    ^aเกษร โพธิ์สุวรรณ
รายการนี้ยังไม่มีแท็ก
คุณยังไม่ได้ล็อกอิน คุณสามารถมีกิจกรรมร่วมกับเว็บไซต์ได้ แต่ต้องล็อกอินก่อน ::
  ล็อกอิน

รายการสื่อสารสนเทศ

ลำดับที่ ประเภท เลขเรียก/บาร์โค้ด สถานที่ สถานะ
1. งานวิจัย
งานวิจัย
วจ.WY18 ส875ก  
  Barcode: 033715
ห้องสมุดวิทยาเขตสวรรค์ประชารักษ์
►วิจัย
บนชั้น

รายการใกล้เคียง
    หัวเรื่อง [การสอบ]

BibComment


ยังไม่เคยถูกคอมเมนท์

คอมเมนท์ทรัพยากรรายการนี้
  คอมเมนท์: ประสิทธิผลของกิจ..


 Copyright 2026. Bcnsprnw @Library